| 000 | 00384nam a22001577a 4500 | ||
|---|---|---|---|
| 003 | CEME | ||
| 005 | 20210628202316.0 | ||
| 008 | 210302b xxu||||| |||| 00| 0 eng d | ||
| 040 | _c. | ||
| 082 | _a297.1227 MOU | ||
| 100 |
_aMuhammad Asim Ul Hadad _959275 |
||
| 245 | _aFikah ul sunnah | ||
| 260 |
_aLAHORE _bADARA FARUGH-E-URDU _c1999 |
||
| 650 |
_a URDU _916999 |
||
| 942 |
_cBK _2ddc |
||
| 999 |
_c569290 _d569290 |
||